Equipos que han ganado la Premier League-Muerte Súbita - Estadísticas

Estadísticas generales
  • Esta prueba ha sido intentada 220 veces
  • La puntuación promedio es 10 de 21
Answers on the Grid
Answers color-coded by a green-red scale on the quiz's grid according to % correct below.
Cardiff City
Middlesbrough
Manchester City
Mansfield Town
Derby County
Brentford
Aston Villa
Sheffield United
Newcastle
West Bromwich
Manchester United
Burnley
Bournemouth
Ipswich Town
Everton
Sunderland
Crystal Palace
Sheffield Wednesday
Blackburn
Brighton
Liverpool
Arsenal
West Ham
Wolves
Chelsea
Fulham
Leeds United
Nottingham Forest
Hull City
Tottenham
Bristol City
Leicester City
 
Estadísticas de respuestas
Respuesta % Correcto
Manchester United
91%
Arsenal
89%
Chelsea
89%
Manchester City
88%
Liverpool
87%
Leicester City
83%
Aston Villa
73%
Nottingham Forest
67%
Everton
58%
Tottenham
57%
Newcastle
52%
Leeds United
44%
Blackburn
43%
Ipswich Town
22%
Derby County
21%
Sheffield United
19%
Sunderland
16%
Wolves
16%
Sheffield Wednesday
15%
West Bromwich
10%
Burnley
9%
No se encontraron pruebas coincidentes
Distribución de puntuación
Porcentaje de gente con cada puntuación
Porcentaje por número respondido
Historial de tus puntuaciones
No has intentado esta prueba.